000 00429nam a2200157 i 4500
001 36229
003 ES-MaACL
005 20230906155328.0
007 t|
008 030217s1911 xxk ||||1| eng d
100 1 _aBriggs, Robert Alexander.
_931723
245 1 4 _aThe essentials of a country house /
_cR.A. Briggs.
260 _aLondon :
_bB.T. Batsford,
_c[1911]
300 _aXII, 88 p. ;
_c21 cm.
852 _aES-MaACL
_jC-3277
999 _c36229
_d36229